000 00533nam a2200181Ia 4500
005 20250508151750.0
008 008 250505s9999 xx 000 0 eng d
037 _aTextual
040 _aFEDL
_beng
_cFEDL
041 _aeng
_2eng
084 _a425, ALL
_qFEDL
100 _aAllen W Stannard
245 0 _aLiving english structure: A practice book for foreign students and key
260 _aLondon, UK
_bLongmans, Green and Co.
_c1954
300 _ax,345p
942 _cTEXL
_h425, ALL
999 _c1332008
_d1332008